| 000 | 00472nam a2200169 i 4500 | ||
|---|---|---|---|
| 001 | 133778 | ||
| 003 | ES-MaACL | ||
| 005 | 20230906194529.0 | ||
| 007 | t| | ||
| 008 | 070829s1963 sp ||||1| spa d | ||
| 245 | 0 | 0 |
_aVocación / _c[Anónima Botas Roldán]. |
| 260 |
_a[Oviedo : _bs.n.], _c1963. |
||
| 300 |
_a[16] p. ; _c22 cm. |
||
| 500 | _aCatalogación basada en la cubierta. | ||
| 710 | 2 |
_aAnónima Botas Roldán. _91400 |
|
| 852 |
_aES-MaACL _j2044-F-8 _bR.54455 |
||
| 999 |
_c133778 _d133778 |
||